000 00741nam a2200205 i 4500
001 13656
003 ES-MaACL
005 20250822031115.0
007 t|
008 980318s1997 fr |||| | spa j
020 _a2-912246-01-6
080 _a37.015.3
245 0 3 _aLa persona y su crecimiento
_b: fundamentos antropológicos y psicológicos de la formación PRH /
_cobra colectiva realizada por PRH-Internacional.
260 _aPoitiers :
_bPersonalidad y Relaciones Humanas-Internacional,
_cD.L. 1997.
300 _a301 p. ;
_c24 cm.
650 1 7 _aPsicología de la educación
_2embne
_916558
710 2 _aPersonalidad y Relaciones Humanas-Internacional.
_96210
852 _aES-MaACL
_jL-21039
999 _c13656
_d13656